[Event "36th Zalakaros Festival 2017"]
[Site "Zalakaros"]
[Date "2017.05.21"]
[Round "4"]
[White "Szukics, Adam"]
[Black "Tompa, Janos"]
[Result "1-0"]
[WhiteElo "2229"]
[BlackElo "2392"]
[Annotator "NA"]
[PlyCount "57"]
[EventDate "2017.??.??"]
[EventType "swiss"]
[EventCountry "HUN"]
[SourceTitle "playchess.com"]
[Source "ChessBase"]
[SourceQuality "1"]
[TimeControl "40/5400+30:1800+30"]

1. e4 {[%emt 0:01:10]} c5 {[%emt 0:00:48]} 2. Nf3 {[%emt 0:00:05]} e6 {[%emt 0:00:10]} 3. Nc3 {[%emt 0:00:11]} Nc6 {[%emt 0:04:35]} 4. Bb5 {[%emt 0:00:06]} Nge7 {[%emt 0:01:03]} 5. O-O {[%emt 0:00:12]} a6 {[%emt 0:00:08]} 6. Bxc6 {[%emt 0:00:05]} Nxc6 {[%emt 0:02:04]} 7. d4 {[%emt 0:00:38]} cxd4 {[%emt 0:00:26]} 8. Nxd4 {[%emt 0:00:04]} d6 {[%emt 0:03:52]} 9. Nxc6 {[%emt 0:04:01]} bxc6 {[%emt 0:00:21]} 10. Qg4 {[%emt 0:00:08]} e5 {[%emt 0:19:33]} 11. Qg3 {[%emt 0:03:10]} Be6 {[%emt 0:08:24]} 12. Be3 {[%emt 0:02:46]} Qc7 {[%emt 0:03:00]} 13. Rad1 {[%emt 0:02:42]} f6 {[%emt 0:01:11]} 14. h4 {[%emt 0:09:41]} g6 {[%emt 0:04:46]} 15. f4 {[%emt 0:05:38]} Be7 {[%emt 0:00:35]} 16. Na4 {[%emt 0:07:48]} Rb8 {[%emt 0:04:52]} 17. b3 {[%emt 0:00:28]} Rb4 {[%emt 0:04:02]} 18. fxe5 {[%emt 0:11:55]} fxe5 {[%emt 0:02:04]} 19. c4 {[%emt 0:11:35]} Bxc4 {[%emt 0:01:42]} 20. bxc4 {[%emt 0:00:09]} Rxa4 {[%emt 0:00:02]} 21. Bh6 {[%emt 0:02:01]} Qd7 {[%emt 0:14:44]} 22. Qb3 {[%emt 0:12:09]} c5 {[%emt 0:01:29]} 23. Qb8+ {[%emt 0:04:44]} Qd8 {[%emt 0:00:45]} 24. Qb7 {[%emt 0:00:11]} Qd7 {[%emt 0:05:20]} 25. Qa8+ {[%emt 0:01:19]} Qd8 {[%emt 0:08:50]} 26. Qd5 {[%emt 0:00:50]} Qc7 {[%emt 0:02:49]} 27. Bg7 {[%emt 0:01:13]} Rf8 {[%emt 0:01:07]} 28. Bxf8 {[%emt 0:00:07]} Bxf8 {[%emt 0:00:05]} 29. Qa8+ {[%emt 0:00:08]} 1-0

[Event "36th Zalakaros Festival 2017"]
[Site "Zalakaros"]
[Date "2017.05.21"]
[Round "4"]
[White "Hardicsay, Peter"]
[Black "Tate, Alan"]
[Result "0-1"]
[WhiteElo "2218"]
[BlackElo "2320"]
[Annotator "TA"]
[PlyCount "158"]
[EventDate "2017.??.??"]
[EventType "swiss"]
[EventCountry "HUN"]
[SourceTitle "playchess.com"]
[Source "ChessBase"]
[SourceQuality "1"]

{[%evp 9,158,24,32,12,65,35,49,40,58,54,54,52,45,45,41,44,57,35,62,30,31,31,44,31,54,17,33,0,0,0,32,12,10,0,12,-11,-6,-4,-3,-11,-11,-11,4,-11,0,0,0,-11,11,0,0,0,0,0,0,0,0,0,0,0,2,-7,0,0,0,0,0,0,8,0,0,0,90,0,0,0,20,0,0,0,0,0,0,-8,22,0,0,-5,32,-41,0,-66,-52,-66,-66,-64,-59,-111,-103,-179,-145,-164,-152,-180,-116,-167,0,-182,-166,-180,-139,-140,-145,-308,-302,-622,-621,-619,-587,-582,-522,-557,-542,-628,-612,-666,-681,-664,-626,-576,-362,-334,-348,-343,-350,-1110,-900,-805,-709,-580,-455,-1412,-1360,-2595,-1982,-12837,-4799,-2958,-2749,-2247,-2126]} 1. d4 d5 2. c4 c6 3. Nf3 e6 4. Qc2 Bd6 5. Bg5 Ne7 {LiveBook: 27 Games} (5... f6 6. Bh4 Ne7 7. Bg3 Bb4+ 8. Nc3 Nf5 9. e3 Nxg3 10. hxg3 f5 11. cxd5 exd5 12. g4 Qf6 13. Bd3 fxg4 {0-1 (48) Tkachiev,V (2625)-Fier,A (2580) Dubai 2014}) 6. Nbd2 {D30: Queen's Gambit Declined: Systems without Nc3} f5 (6... h6 $11 7. Bh4 Nd7) 7. g3 $146 ({Predecessor:} 7. e3 O-O 8. Bf4 b6 9. Rc1 Bb7 10. Be2 Ng6 11. Bxd6 Qxd6 12. c5 Qe7 13. h4 {1-0 (39) Gavrilov,A (2438)-Moroz,A (2512) Pardubice 2001}) 7... Nd7 {[%cal Bb8d7,Bd7f6,Bf6e4][%mdl 32]} 8. Bf4 {White is slightly better.} Nf6 9. Bxd6 Qxd6 10. Bg2 b6 11. O-O O-O 12. Rac1 Ne4 13. e3 Bb7 14. a3 a5 15. Rfd1 Ng6 16. Ne1 Qe7 17. f4 Rfc8 18. Nxe4 dxe4 19. Qb3 Ra6 20. Bf1 a4 21. Qc3 Raa8 22. c5 b5 23. Nc2 Qf6 24. Nb4 Ne7 25. Qe1 h6 26. Rc2 (26. g4 $5) 26... Kh7 27. Rg2 Rg8 28. Kh1 g5 29. Qf2 Raf8 30. Be2 Bc8 31. Rdg1 Bd7 32. Bd1 Be8 33. Be2 Rg7 34. Bd1 Rfg8 35. Be2 Ng6 36. Bd1 Kh8 37. Be2 Rh7 38. Bd1 Rhg7 39. Be2 Nf8 40. Bd1 Kh7 (40... Ng6 $11) 41. Be2 (41. fxg5 $16 Rxg5 42. Bc2) 41... Ng6 42. Bd1 Rh8 43. Be2 Rf8 44. Bd1 Ne7 45. Be2 Kh8 46. Bd1 Bg6 47. Be2 Qf7 48. h4 gxh4 49. gxh4 (49. g4 $14) 49... Rgg8 50. Kh2 (50. h5 $11 Bxh5 51. Qh4 Rxg2 52. Rxg2 Bxe2 53. Qxh6+ Qh7 54. Qxh7+ Kxh7 55. Rxe2) 50... Bh5 $15 51. Rxg8+ Rxg8 52. Rxg8+ Kxg8 53. Qg2+ {[#]} (53. Bf1 $15) 53... Kf8 $1 $17 54. Kh3 (54. Bf1 $17) 54... Ke8 55. Kh2 Kd7 56. Kh3 Qe8 (56... Bxe2 $19 57. Qxe2 Qg6) 57. Kh2 Qf7 58. Kh3 $1 Bxe2 59. Qxe2 Ng8 60. Nc2 Nf6 61. Nb4 $2 (61. Kh2 $17 {might work better.}) 61... Qg6 $19 62. Qg2 $2 {[#]} (62. Nc2 Qg8 63. Kh2) 62... Qg4+ $1 63. Qxg4 Nxg4 {[%mdl 4096] Endgame KN-KN} 64. Nc2 Nf2+ 65. Kg3 Nd1 66. h5 Nxb2 67. Kf2 Nc4 68. Ke2 Kc7 69. Kd1 Nb2+ 70. Kd2 Nd3 71. Ke2 Kb7 72. Kf1 $2 (72. Kd1) 72... Ka6 {Black is clearly winning.} 73. Ke2 Ka5 74. Kd2 b4 {...b3 is the strong threat.} 75. axb4+ (75. d5 $142 exd5 76. axb4+ Nxb4 77. Nd4) 75... Nxb4 76. Na3 Nd5 77. Nc4+ Kb5 (77... Kb4 $142 78. Nb6 a3 79. Nxd5+ exd5 80. Kc2 Kc4 81. Kb1 Kd3 82. Ka2 Kxe3 83. Kxa3 Kxd4 84. Kb3 e3 85. Kc2 Kc4 86. Kc1 Kd3 87. Kd1 e2+ 88. Ke1 d4 89. Kf2 Kd2 90. Kg3 e1=Q+ 91. Kh2 d3 92. Kg2 Ke2 93. Kh2 Kf3 94. Kh3 Qh1#) 78. Ne5 {[#]} Nxe3 $1 {[%mdl 512]} 79. Kc1 (79. Kxe3 a3) 79... Ng2 {Precision: White = 35%, Black = 57%.} 0-1

[Event "36th Zalakaros Festival 2017"]
[Site "Zalakaros"]
[Date "2017.05.21"]
[Round "4"]
[White "Havanecz, Bianka"]
[Black "Cuhendi, Sean Winshand"]
[Result "0-1"]
[WhiteElo "2210"]
[BlackElo "2407"]
[Annotator "NA"]
[PlyCount "96"]
[EventDate "2017.??.??"]
[EventType "swiss"]
[EventCountry "HUN"]
[SourceTitle "playchess.com"]
[Source "ChessBase"]
[SourceQuality "1"]
[TimeControl "40/5400+30:1800+30"]

1. d4 {[%emt 0:00:03]} d5 {[%emt 0:01:26]} 2. Bf4 {[%emt 0:00:05]} Nf6 {[%emt 0:00:09]} 3. e3 {[%emt 0:00:10]} c5 {[%emt 0:00:03]} 4. c3 {[%emt 0:00:06]} Nc6 {[%emt 0:00:04]} 5. Nd2 {[%emt 0:00:09]} Bf5 {[%emt 0:02:39]} 6. Ngf3 {[%emt 0:00:56]} Qb6 {[%emt 0:04:27]} 7. Qb3 {[%emt 0:01:18]} c4 {[%emt 0:00:32]} 8. Qxb6 {[%emt 0:00:36]} axb6 {[%emt 0:00:17]} 9. a3 {[%emt 0:13:24]} h6 {[%emt 0:01:48]} 10. h3 {[%emt 0:01:11]} b5 {[%emt 0:00:18]} 11. Rc1 {[%emt 0:00:14]} Nd7 {[%emt 0:00:19]} 12. Nb1 {[%emt 0:08:01]} f6 {[%emt 0:13:46]} 13. Be2 {[%emt 0:01:52]} Nb6 {[%emt 0:05:32]} 14. Bd1 {[%emt 0:04:04]} g5 {[%emt 0:00:52]} 15. Bg3 {[%emt 0:02:42]} Na4 {[%emt 0:00:30]} 16. Bc2 {[%emt 0:02:34]} Be4 {[%emt 0:01:02]} 17. Nfd2 {[%emt 0:04:52]} Bxg2 {[%emt 0:06:18]} 18. Rh2 {[%emt 0:00:06]} Be4 {[%emt 0:00:02]} 19. Nxe4 {[%emt 0:00:09]} dxe4 {[%emt 0:00:03]} 20. Bxe4 {[%emt 0:00:13]} Nxb2 {[%emt 0:00:14]} 21. f3 {[%emt 0:03:01]} Na4 {[%emt 0:00:04]} 22. Bg6+ {[%emt 0:05:47]} Kd8 {[%emt 0:03:43]} 23. e4 {[%emt 0:00:43]} e6 {[%emt 0:00:40]} 24. h4 {[%emt 0:02:06]} Ke7 {[%emt 0:01:54]} 25. hxg5 {[%emt 0:01:32]} Rg8 {[%emt 0:00:16]} 26. Bh5 {[%emt 0:01:31]} Rxg5 {[%emt 0:01:08]} 27. Bf4 {[%emt 0:01:32]} Rg1+ {[%emt 0:00:14]} 28. Kd2 {[%emt 0:01:05]} Rxc1 {[%emt 0:00:06]} 29. Kxc1 {[%emt 0:00:02]} e5 {[%emt 0:00:15]} 30. Be3 {[%emt 0:00:48]} exd4 {[%emt 0:00:34]} 31. cxd4 {[%emt 0:00:18]} Rd8 {[%emt 0:00:03]} 32. Rd2 {[%emt 0:01:47]} Na5 {[%emt 0:00:07]} 33. Rd1 {[%emt 0:04:44]} Nb3+ {[%emt 0:08:01]} 34. Kc2 {[%emt 0:00:06]} Na1+ {[%emt 0:01:19]} 35. Kc1 {[%emt 0:00:05]} c3 {[%emt 0:02:59]} 36. Rd3 {[%emt 0:01:10]} Rc8 {[%emt 0:02:15]} 37. d5 {[%emt 0:01:01]} Kd8 {[%emt 0:01:45]} 38. d6 {[%emt 0:03:03]} Rc6 {[%emt 0:01:09]} 39. Nxc3 {[%emt 0:07:14]} Rxc3+ {[%emt 0:01:11]} 40. Rxc3 {[%emt 0:00:00]} Nxc3 {[%emt 0:00:02]} 41. Bb6+ {[%emt 0:00:11]} Kd7 {[%emt 0:00:05]} 42. Bc7 {[%emt 0:00:04]} Bxd6 {[%emt 0:01:52]} 43. Bxd6 {[%emt 0:00:06]} Kxd6 {[%emt 0:00:03]} 44. Kb2 {[%emt 0:00:05]} Ne2 {[%emt 0:00:02]} 45. Be8 {[%emt 0:02:39]} Nf4 {[%emt 0:00:31]} 46. Bxb5 {[%emt 0:01:27]} h5 {[%emt 0:00:07]} 47. Bf1 {[%emt 0:00:15]} h4 {[%emt 0:00:04]} 48. Kxa1 {[%emt 0:00:29]} h3 {[%emt 0:00:15]} 0-1

[Event "36th Zalakaros Festival 2017"]
[Site "Zalakaros"]
[Date "2017.05.21"]
[Round "4"]
[White "Szente Varga, Fruzsina"]
[Black "Szalanczy, Emil"]
[Result "1/2-1/2"]
[WhiteElo "2190"]
[BlackElo "2230"]
[Annotator "NA"]
[PlyCount "97"]
[EventDate "2017.??.??"]
[EventType "swiss"]
[EventCountry "HUN"]
[SourceTitle "playchess.com"]
[Source "ChessBase"]
[SourceQuality "1"]
[TimeControl "40/5400+30:1800+30"]

1. e4 {[%emt 0:00:03]} c5 {[%emt 0:01:00]} 2. Nf3 {[%emt 0:00:11]} d6 {[%emt 0:00:31]} 3. d4 {[%emt 0:00:12]} cxd4 {[%emt 0:00:03]} 4. Qxd4 {[%emt 0:00:07]} Nf6 {[%emt 0:00:25]} 5. Bg5 {[%emt 0:00:47]} Nc6 {[%emt 0:00:05]} 6. Bb5 {[%emt 0:00:14]} Qa5+ {[%emt 0:02:04]} 7. Nc3 {[%emt 0:00:06]} Rb8 {[%emt 0:02:05]} 8. Bxf6 {[%emt 0:31:44]} gxf6 {[%emt 0:00:13]} 9. Qd5 {[%emt 0:00:11]} Qb6 {[%emt 0:07:44]} 10. Na4 {[%emt 0:08:34]} Qc7 {[%emt 0:01:13]} 11. Nd4 {[%emt 0:00:48]} Bd7 {[%emt 0:00:18]} 12. O-O-O {[%emt 0:02:27]} a6 {[%emt 0:05:02]} 13. Be2 {[%emt 0:03:17]} e6 {[%emt 0:06:53]} 14. Qh5 {[%emt 0:09:21]} Rc8 {[%emt 0:02:53]} 15. Nc3 {[%emt 0:02:36]} Qb6 {[%emt 0:08:14]} 16. Nb3 {[%emt 0:02:47]} Qxf2 {[%emt 0:05:42]} 17. Rhf1 {[%emt 0:00:45]} Qe3+ {[%emt 0:00:03]} 18. Kb1 {[%emt 0:00:06]} Qg5 {[%emt 0:00:17]} 19. Qf3 {[%emt 0:01:54]} Be7 {[%emt 0:00:52]} 20. Qf2 {[%emt 0:03:36]} h5 {[%emt 0:07:31]} 21. h4 {[%emt 0:02:24]} Qe5 {[%emt 0:00:56]} 22. g4 {[%emt 0:01:47]} hxg4 {[%emt 0:01:30]} 23. Bxg4 {[%emt 0:00:05]} Na5 {[%emt 0:02:07]} 24. Nxa5 {[%emt 0:04:27]} Qxa5 {[%emt 0:00:15]} 25. h5 {[%emt 0:00:52]} Rc5 {[%emt 0:05:15]} 26. Bf3 {[%emt 0:03:16]} Kd8 {[%emt 0:02:42]} 27. Qg1 {[%emt 0:04:33]} Rg5 {[%emt 0:00:25]} 28. Qa7 {[%emt 0:00:13]} Qc7 {[%emt 0:03:37]} 29. Ne2 {[%emt 0:05:13]} Bc8 {[%emt 0:00:37]} 30. Qe3 {[%emt 0:01:06]} Qc5 {[%emt 0:00:44]} 31. Qd2 {[%emt 0:00:30]} Kc7 {[%emt 0:00:58]} 32. Rh1 {[%emt 0:05:13]} Rh6 {[%emt 0:00:48]} 33. Nf4 {[%emt 0:00:23]} Kb8 {[%emt 0:01:02]} 34. Nh3 {[%emt 0:01:18]} Rgxh5 {[%emt 0:02:37]} 35. Bxh5 {[%emt 0:00:03]} Rxh5 {[%emt 0:00:08]} 36. Nf4 {[%emt 0:02:05]} Rxh1 {[%emt 0:04:11]} 37. Rxh1 {[%emt 0:00:03]} Bd7 {[%emt 0:00:11]} 38. Nd3 {[%emt 0:02:26]} Qb6 {[%emt 0:03:10]} 39. a3 {[%emt 0:01:52]} Bc6 {[%emt 0:01:40]} 40. Rh7 {[%emt 0:00:00]} Qg1+ {[%emt 0:02:12]} 41. Ka2 {[%emt 0:02:13]} d5 {[%emt 0:07:15]} 42. Rxf7 {[%emt 0:02:09]} dxe4 {[%emt 0:04:42]} 43. Rxe7 {[%emt 0:11:24]} exd3 {[%emt 0:00:36]} 44. Qxd3 {[%emt 0:00:16]} Qc5 {[%emt 0:01:03]} 45. Rf7 {[%emt 0:03:11]} f5 {[%emt 0:00:57]} 46. c4 {[%emt 0:02:06]} Be4 {[%emt 0:05:27]} 47. Qd8+ {[%emt 0:01:35]} Ka7 {[%emt 0:00:16]} 48. Rc7 {[%emt 0:00:15]} Qg1 {[%emt 0:04:01]} 49. Rc8 {[%emt 0:07:00]} 1/2-1/2

[Event "36th Zalakaros Festival 2017"]
[Site "Zalakaros"]
[Date "2017.05.21"]
[Round "4"]
[White "Karacsonyi, Gellert"]
[Black "Szabo, Marton Mihaly"]
[Result "1/2-1/2"]
[WhiteElo "2189"]
[BlackElo "2298"]
[Annotator "NA"]
[PlyCount "33"]
[EventDate "2017.??.??"]
[EventType "swiss"]
[EventCountry "HUN"]
[SourceTitle "playchess.com"]
[Source "ChessBase"]
[SourceQuality "1"]
[TimeControl "40/5400+30:1800+30"]

1. e4 {[%emt 0:00:17]} c5 {[%emt 0:00:46]} 2. Nf3 e6 {[%emt 0:00:21]} 3. d4 {[%emt 0:00:11]} cxd4 {[%emt 0:00:18]} 4. Nxd4 {[%emt 0:00:02]} Bc5 {[%emt 0:00:28]} 5. Nb3 {[%emt 0:00:15]} Be7 {[%emt 0:00:44]} 6. Nc3 {[%emt 0:01:57]} d6 {[%emt 0:00:41]} 7. Bd3 {[%emt 0:00:25]} a6 {[%emt 0:01:07]} 8. O-O {[%emt 0:00:10]} Nd7 {[%emt 0:00:55]} 9. f4 {[%emt 0:00:52]} Ngf6 {[%emt 0:00:33]} 10. Qe2 {[%emt 0:00:17]} Qc7 {[%emt 0:00:45]} 11. Bd2 {[%emt 0:02:27]} h5 {[%emt 0:06:28]} 12. Rae1 {[%emt 0:01:33]} b5 {[%emt 0:15:44]} 13. e5 {[%emt 0:10:19]} dxe5 {[%emt 0:08:47]} 14. fxe5 {[%emt 0:00:55]} Ng4 {[%emt 0:02:06]} 15. Qf3 {[%emt 0:47:17]} Qa7+ {[%emt 0:04:50]} 16. Be3 {[%emt 0:05:29]} Nxe3 {[%emt 0:05:30]} 17. Qxe3 {[%emt 0:01:34]} 1/2-1/2

[Event "36th Zalakaros Festival 2017"]
[Site "Zalakaros"]
[Date "2017.05.21"]
[Round "4"]
[White "Hradeczky, Tamas"]
[Black "Krykun, Yuriy"]
[Result "0-1"]
[WhiteElo "2146"]
[BlackElo "2308"]
[Annotator "NA"]
[PlyCount "80"]
[EventDate "2017.??.??"]
[EventType "swiss"]
[EventCountry "HUN"]
[SourceTitle "playchess.com"]
[Source "ChessBase"]
[SourceQuality "1"]
[TimeControl "40/5400+30:1800+30"]

1. d4 {[%emt 0:03:17]} Nf6 {[%emt 0:00:33]} 2. c4 {[%emt 0:00:22]} g6 {[%emt 0:00:16]} 3. Nc3 {[%emt 0:00:26]} d5 {[%emt 0:00:11]} 4. cxd5 {[%emt 0:00:40]} Nxd5 {[%emt 0:00:03]} 5. Bd2 {[%emt 0:00:41]} Bg7 {[%emt 0:00:55]} 6. e4 {[%emt 0:00:36]} Nxc3 {[%emt 0:00:37]} 7. Bxc3 {[%emt 0:00:09]} O-O {[%emt 0:00:04]} 8. Qd2 {[%emt 0:04:41]} Nc6 {[%emt 0:02:27]} 9. d5 {[%emt 0:02:31]} Ne5 {[%emt 0:01:46]} 10. f4 {[%emt 0:10:40]} Ng4 {[%emt 0:01:19]} 11. Bxg7 {[%emt 0:01:35]} Kxg7 {[%emt 0:00:05]} 12. Nf3 {[%emt 0:04:56]} Nf6 {[%emt 0:09:51]} 13. Bd3 {[%emt 0:02:00]} c6 {[%emt 0:02:44]} 14. dxc6 {[%emt 0:03:41]} Qb6 {[%emt 0:00:41]} 15. c7 {[%emt 0:09:13]} Bd7 {[%emt 0:14:29]} 16. Qf2 {[%emt 0:07:45]} Qxc7 {[%emt 0:02:48]} 17. Ne5 {[%emt 0:07:37]} Qa5+ {[%emt 0:04:26]} 18. Qd2 {[%emt 0:01:26]} Qb6 {[%emt 0:01:27]} 19. Qf2 {[%emt 0:01:57]} Qb4+ {[%emt 0:00:50]} 20. Qd2 {[%emt 0:00:33]} Qd6 {[%emt 0:14:18]} 21. Nxd7 {[%emt 0:01:52]} Qxd7 {[%emt 0:07:20]} 22. e5 {[%emt 0:01:41]} Nh5 {[%emt 0:04:41]} 23. f5 {[%emt 0:06:29]} Qd4 {[%emt 0:02:45]} 24. O-O-O {[%emt 0:02:13]} Qxe5 {[%emt 0:02:31]} 25. Rhe1 {[%emt 0:00:51]} Qc7+ {[%emt 0:00:53]} 26. Qc3+ {[%emt 0:01:01]} Qxc3+ {[%emt 0:00:08]} 27. bxc3 {[%emt 0:00:14]} Kf6 {[%emt 0:05:44]} 28. fxg6 {[%emt 0:00:56]} hxg6 {[%emt 0:00:23]} 29. Re4 {[%emt 0:00:43]} e6 {[%emt 0:01:45]} 30. Rb4 {[%emt 0:00:39]} b6 {[%emt 0:00:33]} 31. g4 {[%emt 0:01:27]} Ng7 {[%emt 0:00:36]} 32. h4 {[%emt 0:00:35]} Rac8 {[%emt 0:00:47]} 33. Kb2 {[%emt 0:00:53]} Rc5 {[%emt 0:01:34]} 34. Rf1+ {[%emt 0:00:19]} Ke7 {[%emt 0:00:08]} 35. Rbf4 {[%emt 0:00:49]} f5 {[%emt 0:00:44]} 36. h5 {[%emt 0:00:54]} gxh5 {[%emt 0:00:22]} 37. gxf5 {[%emt 0:01:05]} Nxf5 {[%emt 0:01:24]} 38. Rh1 {[%emt 0:00:59]} Ng3 {[%emt 0:00:17]} 39. Rxf8 {[%emt 0:00:39]} Kxf8 {[%emt 0:00:01]} 40. Rh3 {[%emt 0:00:00]} Rg5 {[%emt 0:00:08]} 0-1

[Event "36th Zalakaros Festival 2017"]
[Site "Zalakaros"]
[Date "2017.05.22"]
[Round "5"]
[White "Rapport, Richard"]
[Black "Nemeth, Miklos"]
[Result "1/2-1/2"]
[WhiteElo "2698"]
[BlackElo "2451"]
[Annotator "TA"]
[PlyCount "72"]
[EventDate "2017.??.??"]
[EventType "swiss"]
[EventCountry "HUN"]
[SourceTitle "playchess.com"]
[Source "ChessBase"]
[SourceQuality "1"]

{[%evp 9,72,-8,-7,-2,6,18,10,7,8,5,16,-2,10,15,12,-8,-10,-28,27,0,41,33,37,35,37,33,27,0,5,0,0,0,0,0,0,-10,-10,-30,-35,-66,-66,-63,-57,-57,-58,-67,-32,-45,-22,-22,-18,-18,-16,-15,-16,-16,-20,-22,-16,-23,-28,-27,-19,-14,-20]} 1. d4 Nf6 2. Nc3 d5 3. Bf4 e6 4. e3 Bd6 (4... Bb4 5. Nge2 O-O 6. a3 Bd6 7. Ng3 c5 8. dxc5 Bxc5 9. Bd3 Nc6 10. O-O Bd6 11. Bg5 h6 12. Bxf6 Qxf6 {0-1 (74) Navara,D (2734)-Wojtaszek,R (2734) Berlin 2015}) 5. Nf3 Bxf4 {LiveBook: 8 Games} 6. exf4 {D00: 1 d4 d5: Unusual lines} Qd6 7. Ne5 a6 8. Qf3 $146 ({Predecessor:} 8. Qd2 c5 9. dxc5 Qxc5 10. Bd3 Nc6 11. O-O O-O 12. Rfe1 {1-0 (60) Gundavaa,B (2492)-Khatanbaatar,B (2345) Ulaanbaatar 2016}) 8... c5 9. dxc5 Qxc5 10. O-O-O Nc6 (10... Nbd7 {is more complex.} 11. Kb1 b5 12. Bd3 Bb7 13. Ne2 b4) 11. Kb1 b5 12. Nxc6 Qxc6 13. Bd3 Bb7 (13... b4 $142 14. Ne2 O-O) 14. Rhe1 $11 O-O-O 15. Qg3 g6 16. Qh4 Nd7 {[%cal Bf6d7,Bd7b6,Bb6c4][%mdl 32]} 17. a3 Kb8 18. Bf1 Qc7 19. Rd4 Rc8 20. Red1 Nb6 21. Qf6 h5 22. R1d2 Rhe8 23. a4 Nc4 24. Bxc4 bxc4 25. Qe5 Ka7 26. Qxc7 Rxc7 27. Ka2 f6 {[%cal Bf7f6,Bf6e5][%mdl 32]} 28. Re2 e5 29. fxe5 fxe5 30. Rd1 d4 31. Ne4 Rd8 32. f3 d3 33. Red2 {[%cal Rc2d3]} Bxe4 34. fxe4 Rd4 {[#] Threatens to win with ...dxc2.} 35. cxd3 cxd3 36. Rxd3 Rxa4+ {Precision: White = 62%, Black = 58%.} 1/2-1/2

[Event "36th Zalakaros Festival 2017"]
[Site "Zalakaros"]
[Date "2017.05.22"]
[Round "5"]
[White "Markus, Robert"]
[Black "Gazik, Viktor"]
[Result "1-0"]
[WhiteElo "2673"]
[BlackElo "2449"]
[Annotator "TA"]
[PlyCount "87"]
[EventDate "2017.??.??"]
[EventType "swiss"]
[EventCountry "HUN"]
[SourceTitle "playchess.com"]
[Source "ChessBase"]
[SourceQuality "1"]

{[%evp 23,87,47,63,43,46,32,37,38,115,114,126,106,127,139,264,264,285,289,281,270,259,254,260,258,305,297,297,264,318,304,266,307,291,311,300,285,287,292,318,325,503,456,455,439,427,414,414,414,422,402,400,385,424,416,424,386,495,485,1985,1874,6279,6279,5458,5093,1969,2019]} 1. d4 Nf6 2. c4 g6 3. Nf3 Bg7 4. g3 O-O 5. Bg2 d6 6. O-O Nbd7 7. Nc3 e5 8. e4 c6 9. b3 Qe7 10. h3 a5 11. Re1 exd4 12. Nxd4 Nc5 13. Bf4 {E69: King's Indian: Fianchetto: 6...Nbd7 7 0-0 e5 8 e4 c6 9 h3} (13. Rb1 Nfd7 14. Be3 Ne6 15. Nde2 Ndc5 16. Qd2 Re8 17. Rbd1 Bf8 18. f4 Ng7 19. Bf2 f5 20. exf5 gxf5 {1-0 (30) Papin,V (2532)-Kotenko,P (2391) Armavir 2010}) 13... Nfd7 14. Be3 Ne5 15. Qc2 {White is slightly better.} Ne6 $146 (15... Ned3 $14) ({Predecessor:} 15... Ned3 16. Red1 Nb4 17. Qd2 a4 18. Rab1 axb3 19. axb3 Qc7 20. Nc2 Nxc2 21. Qxc2 {½-½ (67) Jurka,M (2342)-Shanel,J (2180) Czechia 2007}) 16. Nxe6 $16 fxe6 17. f4 Nf7 18. Rad1 Qf6 {[#]} (18... e5 $16 {was called for.}) 19. e5 $1 $18 {[%cal Re5f6][%mdl 512]} dxe5 20. Ne4 Qe7 21. Bc5 Qc7 22. Bxf8 Kxf8 23. Ng5 Nxg5 24. fxg5 Bd7 25. Be4 Kg8 26. h4 Be8 27. h5 Qe7 28. hxg6 hxg6 29. Bxg6 Qxg5 30. Bxe8 Rxe8 31. Kg2 Bf8 (31... Rf8 $142 32. Qe2 Rf7) 32. Rd7 {[%csl Gd7][%cal Rc2h7] [#]} Re7 33. Rxe7 Bxe7 {[%mdl 4096] Endgame KQR-KQB} 34. Rh1 Qg7 35. Qe4 Bf6 36. Rd1 Qf7 37. Rf1 Kf8 38. Qd3 Kg7 39. g4 {aiming for g5!} Qe7 40. Rh1 {White is clearly winning.} Kg8 (40... e4 $142 41. Qxe4 Bh4) 41. Qg6+ Bg7 42. Qh7+ Kf8 43. Rf1+ Ke8 44. Qg6+ {Precision: White = 97%, Black = 48%.} 1-0

[Event "36th Zalakaros Festival 2017"]
[Site "Zalakaros"]
[Date "2017.05.22"]
[Round "5"]
[White "Efimenko, Zahar"]
[Black "Horvath, Jozsef"]
[Result "0-1"]
[WhiteElo "2648"]
[BlackElo "2526"]
[Annotator "TA"]
[PlyCount "60"]
[EventDate "2017.??.??"]
[EventType "swiss"]
[EventCountry "HUN"]
[SourceTitle "playchess.com"]
[Source "ChessBase"]
[SourceQuality "1"]

{[%evp 15,60,28,25,17,39,0,9,0,0,0,0,0,9,-223,-218,-262,-255,-289,-283,-290,-284,-281,-259,-277,-287,-308,-303,-338,-340,-373,-374,-349,-353,-531,-503,-595,-595,-673,-657,-663,-630,-654,-630,-687,-599,-858,-837]} 1. e4 d6 2. d4 Nf6 3. Nc3 e5 4. Nf3 Nbd7 5. g3 Be7 6. Bg2 O-O 7. O-O c6 8. a4 b6 9. Re1 {C41: Philidor Defence} (9. b3 a6 10. Ba3 Bb7 11. dxe5 dxe5 12. Bd6 Bxd6 13. Qxd6 Re8 14. Rfd1 Qb8 15. Nh4 Qxd6 16. Rxd6 b5 {1-0 (49) Kravtsiv,M (2595)-Khairullin,I (2657) Legnica 2013}) 9... a6 10. h3 Bb7 11. Nh4 {The position is equal.} g6 $1 12. Bh6 Re8 13. Qd2 Bf8 $146 ({Predecessor:} 13... Kh8 14. Be3 Qc7 15. Rad1 b5 16. Bg5 Nf8 {½-½ (29) Rodrigues,L (2105)-Santos,C (2340) Portugal 1997}) 14. Nf5 $2 {[#]} (14. Bxf8 $11 {and White is okay.} Nxf8 15. Rad1) 14... gxf5 $19 15. exf5 exd4 16. Rxe8 Nxe8 {[%cal Bf6e8,Be8d6,Bd6c4,Bc4b2][%mdl 32]} 17. Ne2 Bxh6 18. Qxh6 Qf6 19. Qd2 d5 ({Don't do} 19... Qxf5 20. Nxd4 Qf6 21. Nxc6 $19) 20. g4 Nd6 21. Ng3 Nc4 22. Qf4 Qe5 23. Qh6 {intending Nh5.} Kh8 (23... Nxb2 24. Nh5 $14) 24. g5 (24. Nh5 {was called for.} Rg8 25. Rb1) 24... Rg8 {Black is clearly winning.} 25. h4 Nxb2 26. Ra3 Nc4 27. Rd3 Nd6 28. Rf3 Ne4 29. Nh5 Qd6 30. g6 fxg6 {Precision: White = 33%, Black = 82%.} 0-1